2023 Calendrier de l'Avent 5 : Films - Statistiques

Statistiques générales
  • Ce quiz a été pris 24 fois
  • Le résultat moyen est 6 sur 24
Statistiques - réponses
Indice 1 Indice 2 Indice 3 Film % Correct
2001 Daniel Radcliffe H Harry Potter à l'école des sorciers
71%
1990 Culkin Macaulay M Maman j'ai raté l'avion
57%
1994 Tim Burton L L'étrange Noël de Monsieur Jack
52%
2003 Hugh Grant L Love actually
43%
1988 Bruce Willis P Piège de cristal
43%
2005 Dany Boon J Joyeux Noël
38%
1996 Arnold Schwarzenegger L La course au jouet
38%
1982 Jean-Marie Poiré L Le Père Noël est une ordure
38%
1990 Bruce Willis 58 58 minutes pour vivre
29%
1946 Frank Capra L La vie est belle
29%
2001 Renée Zellweger L Le journal de Bridget Jones
29%
2017 Alain Chabat S Santa & Cie
24%
1984 Joe Dante G Gremlins
19%
2000 Ron Howard L Le Grinch
19%
2008 Arnaud Desplechin U Un conte de Noël
14%
2003 Terry Zwigoff B Bad Santa
5%
1982 Ingmar Bergman F Fanny et Alexandre
5%
1994 Olivia Hussey B Black christmas
0%
2003 Will Ferrell E Elfe
0%
2005 Sarah Jessica Parker E Esprit de famille
0%
1988 Robert Mitchum F Fantômes en fête
0%
2009 Robert Zemeckis L Le drôle de Noël de Scrooge
0%
1994 Richard Attenborough M Miracle sur la 34e rue
0%
1940 Ernst Lubitsch R Rendez-vous
0%
Aucun quiz correspondant
Distribution des résultats
% des personnes avec chaque résultat
Percentile par nombre de réponses
Votre historique - résultats
Vous n’avez pas pris ce quiz